| 000 | 01967nam a22004217a 4500 | ||
|---|---|---|---|
| 001 | 0065988 | ||
| 003 | KOHA_MİRAKIL | ||
| 005 | 20260207004624.0 | ||
| 007 | ta | ||
| 008 | 210304b2003 tu |||gr||||#0|||1|tur | | ||
| 040 |
_aTR-BiSEU _btur _cTR-BiSEU _erda |
||
| 041 | 0 | _atur | |
| 044 | _ctu | ||
| 050 |
_aPK6490.Y8 _bC36 2003 |
||
| 100 | 1 | _aCâmî, Nureddin Abdurrahman ibni Ahmed-i . | |
| 240 | 1 | 0 |
_aThe fifth throne : Yûsuf ve Züleyhâ _lTürkçe |
| 245 | 1 |
_aBeşinci taht : _bYûsuf ve Züleyhâ = _bThe fifth throne : _bYûsuf ve Züleyhâ/ _cNureddin Abdurrahman ibni Ahmed-i Câmî ; Nureddin Abdurrahman ibni Ahmed-i Câmî ; Türkçeye çeviren Ali Nihat Tarlan ; Türkçe tercümeyi asliyle karşılaştırıp Farsça baskısının (1972) ve yazmasının (Süleymaniye Ayasofya 3898) tıpkıbasımları ile birlikte yayına hazırlayan Günay Kut. |
|
| 264 | 1 |
_a[Cambridge, Mass.] : _bHarvard Üniversitesi Yakındoğu Dilleri ve Medeniyetleri Bölümü _c2003 |
|
| 300 | _axvi, 436 sayfa; 28 cm | ||
| 336 |
_ametin _btxt _2rdacontent |
||
| 337 |
_aaracısız _bn _2rdamedia |
||
| 338 |
_acilt _bnc _2rdacarrier |
||
| 490 | 1 |
_aDoğu dilleri ve edebiyatlarının kaynakları ; _v55. |
|
| 490 | 1 |
_a İslami kaynaklar ; _v4 = _a Sources of Oriental languages and literatures ; _v55. |
|
| 490 | 1 |
_a Islamic sources ; _v4 |
|
| 500 | _aTıpkıbasım mevcut. | ||
| 500 | _aKaynakça ve dizin var. | ||
| 650 | 0 |
_aEl Yazmaları, Farsça--Fakslar. _9124284 |
|
| 650 | 0 |
_aİran edebiyatı. _99598 |
|
| 650 | 0 |
_aTürk Edebiyatı--Divan Şiiri. _9118157 |
|
| 650 | 0 |
_aManuscripts, Persian--Facsimiles. _9124285 |
|
| 650 | 0 |
_aPersian poetry--Translations into Turkish. _9124286 |
|
| 830 | 1 |
_aDoğu dilleri ve edebiyatlarının kaynakları ; _v55. _985097 |
|
| 830 | 1 |
_a İslami kaynaklar ; _v4 = _a Sources of Oriental languages and literatures ; _v55. _9124287 |
|
| 830 | 1 |
_a Islamic sources ; _v4 _9124288 |
|
| 907 | _aEdebiyat | ||
| 942 |
_2lcc _cBK |
||
| 999 |
_c66371 _d66371 |
||